LEADER 00501nas a2200157 i 4500 001 000000129564 003 CaOOAMICUS 005 20041005000000.0 008 041005b it uu u0 0ita r 013 $a102297 040 $aSeMil$bita 245 10$aTitolo mancante. 773 0 $tAtene e Roma.$dFirenze : [s.n.], 1898.$x0004-6493$w()1936 850 $aSeMil 852 $aSeMil$W1$xVenegono$y1$m160 4 1-34$j83678$B83678$CSeMilBibl$Z2$F87019 $82 996 $6245$aTitolo mancante$9(OLS)http://semarc/title/46445 LEADER 01035nam a2200241 i 4500 001 000000031404 003 CaOOAMICUS 005 20180830125449.0 008 180830s1844 it u000 u ita u 040 $aSeMil$bita 100 1 $aArtaud de Montor, Alexis François.$0(OLS)http://semarc/name/14184 245 10$aStoria di Pio 7. /$cscritta dal caveliere Artaud de Montor ; [tradotta dall'abate Cesare Rovida]. 250 $a4. ed. nuovamente riveduta. 260 $aIn Milano :$bpresso Giovanni Resnati,$c1844-1845$e([Milano] :$fTip. Bernardoni,$g1844-1845) 300 $a3 v. ;$c18 cm. 500 $aLegati insieme i 3 vol. 600 04$aPio VII .$0(OLS)http://semarc/subject/4922 700 1 $aRovida, Cesare,$c.$0(OLS)http://semarc/name/3319 774 0 $tVol. 1.$g1$w()238899 774 0 $tVol. 2.$g2$w()238901 774 0 $tVol. 3.$g3$w()238902 996 $6245$aStoria di Pio 7.$9(OLS)http://semarc/title/42094 996 $6260$aIn Milano :$bpresso Giovanni Resnati$9(OLS)http://semarc/publisher/38707